| 000 | 00935nas a2200277 4500 | ||
|---|---|---|---|
| 001 | BR2012000425 | ||
| 003 | BR-BrBNA | ||
| 005 | 20231205120009.0 | ||
| 007 | ta | ||
| 008 | 230509b bl.|||p| |||| 00| 00por d | ||
| 040 |
_aBR-BrBNA _bpor _cBiblioteca Nacional de Agricultura |
||
| 041 | _a(Pt) | ||
| 072 | _aF70 | ||
| 100 | 1 | _aMartins, S.M. de A. | |
| 100 | 1 | _aKäffer, M.I. | |
| 100 | 1 | _aAlves, C.R. | |
| 100 | 1 | _aPereira, V.C. | |
| 245 | 1 | _aFungos liquenizados da Mata Atlântica, no sul do Brasil | |
| 246 | 1 | _aLichenized fungi in the Atlantic rainforest biome, in the southern Brazil | |
| 650 | _aCOMPOSIÇÃO BOTÂNICA | ||
| 650 | _aFUNGO | ||
| 773 | 0 |
_tActa Botanica Brasilica (Brazil) _xISSN 0102-3306 _g(Apr-Jun 2011), v. 25(2) p. 286-292 _wBR2012000425 |
|
| 856 | 4 |
_uhttp://www.scielo.br/pdf/abb/v25n2/a04v25n2.pdf _yRecurso eletrônico (PDF) |
|
| 909 |
_a202311 _bLúcia _c55 _dLúcia Elande |
||
| 942 |
_2AGRIS _n0 _cANA |
||
| 999 |
_c216619 _d216619 |
||